00510nam a22001937a 4500001002400000003000400024005001700028007002400045008004100069010002800110020001500138040000700153082002200160100002300182245002300205250000800228260007100236300000900307 nam a22 7a 4500OSt20210826151101.0 nam a22 7a 4500210826b |||||||| |||| 00| 0 eng d a nam a22 7a 4500 a0023063610 cHU 26tha510/BAR/1993 aBarnett Raymond A. aFinite Mathematics a6th aNew YorkbDell en an Imprint of Macmillan Publishing Companyc1993 a635p